Philosophy of world revolution

Sparad:
Bibliografiska uppgifter
Huvudupphovsman: Marek, Franz
Materialtyp: Bok
Språk:Undetermined
Publicerad: New York International Publishers 1969
Ämnen:
Taggar: Lägg till en tagg
Inga taggar, Lägg till första taggen!
Thư viện lưu trữ: Trung tâm Học liệu Trường Đại học Cần Thơ
LEADER 00487nam a2200181Ia 4500
001 CTU_80348
008 210402s9999 xx 000 0 und d
082 |a 335.41 
082 |b M323 
100 |a Marek, Franz 
245 0 |a Philosophy of world revolution 
245 0 |c Franz Marek 
260 |a New York 
260 |b International Publishers 
260 |c 1969 
650 |a Communism,Revolutions 
904 |i Trọng Hải 
980 |a Trung tâm Học liệu Trường Đại học Cần Thơ